Introduction to probability and statistics : a simplified approach / Winston S. Sirug, Ph.D. (Record no. 21290)
| 000 -LEADER | |
|---|---|
| fixed length control field | 00566nam a22001697a 4500 |
| 020 ## - INTERNATIONAL STANDARD BOOK NUMBER | |
| ISBN | 9786214063567 |
| 082 ## - DEWEY DECIMAL CLASSIFICATION NUMBER | |
| Classification number | 519.5 |
| Item number | Si621 2024 |
| 100 ## - MAIN ENTRY--AUTHOR NAME | |
| Personal name | Sirug, Winston S., author. |
| 245 ## - TITLE STATEMENT | |
| Title | Introduction to probability and statistics : a simplified approach / Winston S. Sirug, Ph.D. |
| 260 ## - PUBLICATION, DISTRIBUTION, ETC. (IMPRINT) | |
| Place of publication | Manila : |
| Name of publisher | Mindshapers Co., Inc., |
| Year of publication | ©2024. |
| 300 ## - PHYSICAL DESCRIPTION | |
| Number of Pages | vii, 396 pages : |
| Other physical details | illustrations ; 26 cm. |
| 490 ## - SERIES STATEMENT | |
| Series statement | (A WSS mathematics book series) |
| 650 ## - SUBJECT ADDED ENTRY--TOPICAL TERM | |
| Topical Term | Probability. |
| 650 ## - SUBJECT ADDED ENTRY--TOPICAL TERM | |
| Topical Term | Mathematical statistics. |
| 650 ## - SUBJECT ADDED ENTRY--TOPICAL TERM | |
| Topical Term | Statistics -- Methodology. |
| 942 ## - ADDED ENTRY ELEMENTS (KOHA) | |
| Koha item type | Books |
| Source of acquisition | Permanent Location | Date acquired | Koha item type | Collection code | Accession Number | Lost status | Shelving location | Withdrawn status | Current Location | Full call number |
|---|---|---|---|---|---|---|---|---|---|---|
| School | Cagayan State University - Carig Library | 2025-08-26 | Books | Pure Sciences | 011030 | General Collection | Cagayan State University - Carig Library | 519.5 Si621 2024 | ||
| School | Cagayan State University - Carig Library | 2025-08-26 | Books | Pure Sciences | 011031 | General Collection | Cagayan State University - Carig Library | 519.5 Si621 2024 | ||
| School | Cagayan State University - Carig Library | 2025-08-26 | Books | Pure Sciences | 011032 | General Collection | Cagayan State University - Carig Library | 519.5 Si621 2024 |